000 00637nam a22002297a 4500
003 UA-OsUOA
001 96846
007 ta
008 20130322b un ||||| |||| 00| 0 ukr d
100 _aМирошниченко Н.
090 _a821.161.1
_bМ24
942 _cBK
040 _aUA-OsUOA
_brus
_cUA-OsUOA
_dUA-OsUOA
245 _aЧеловек, сын человеческий
_bроман
300 _a368 с.
955 _a3
041 _arus
080 _a821.161.1
260 _aМ.
_bМолодая гвардия
_c1971
650 7 _a82 Література. Літературознавство
_2UDC
999 _c383095
_d383095